000 00475cam a22001577a 4500
020 _a080208978X (acidfree paper)
050 0 0 _aRC 438.6.E18
_bO54 2004
100 1 _aO'Neil, Mary Kay.
245 1 4 _aThe unsung psychoanalyst :
_bthe quiet influence of Ruth Easser /
_cMary Kay O'Neil.
260 _aToronto ;
_aBuffalo :
_bUniversity of Toronto Press,
_cc2004.
300 _axii, 250 p. :
650 0 _xHistory.
650 1 2 _xhistory.
650 6 _xHistoire.
942 _2lcc
_cGEN
999 _c6082
_d6082